L'éthique de Saint Thomas d'Aquin : Une lecture de La Secunda Pars de la Somme de Théologie (notice n° 1548805)
[ vue normale ]
| 000 -LEADER | |
|---|---|
| fixed length control field | 01026cam a2200133 4500500 |
| 005 - DATE AND TIME OF LATEST TRANSACTION | |
| control field | 20251012042500.0 |
| 041 ## - LANGUAGE CODE | |
| Language code of text/sound track or separate title | fre |
| 042 ## - AUTHENTICATION CODE | |
| Authentication code | dc |
| 100 10 - MAIN ENTRY--PERSONAL NAME | |
| Personal name | Elders, Leo J. |
| Relator term | author |
| 245 00 - TITLE STATEMENT | |
| Title | L'éthique de Saint Thomas d'Aquin : Une lecture de La Secunda Pars de la Somme de Théologie |
| 260 ## - PUBLICATION, DISTRIBUTION, ETC. | |
| Name of publisher, distributor, etc. | L'Harmattan,<br/> |
| Date of publication, distribution, etc. | 2005.<br/> |
| 520 ## - SUMMARY, ETC. | |
| Summary, etc. | La difficulté que l’on rencontre lorsque l’on traite de l’éthique de l’Aquinate vient de ce que Saint Thomas était avant tout un théologien. Ce qu’il a écrit sur les questions éthiques est, pour une large part, mis en avant dans les traités théologiques. Voilà pourquoi bien des études actuelles de sa pensée considèrent qu’un traité sur son éthique philosophique est impossible ou, du moins, au-delà de l’intention même de saint Thomas. Ce livre souhaite montrer que saint Thomas développa réellement une éthique philosophique. |
| 856 41 - ELECTRONIC LOCATION AND ACCESS | |
| Uniform Resource Identifier | <a href="https://shs.cairn.info/lethique-de-saint-thomas-daquin--9782747593144?lang=fr&redirect-ssocas=7080">https://shs.cairn.info/lethique-de-saint-thomas-daquin--9782747593144?lang=fr&redirect-ssocas=7080</a> |
Pas d'exemplaire disponible.




Réseaux sociaux